[Event "1st Regina Cattolica Open 2019"]
[Site "Cattolica"]
[Date "2019.06.15"]
[Round "3.3"]
[White "Kjartansson, Gudmundur"]
[Black "Mezentsev, Ivan"]
[Result "1-0"]
[WhiteElo "2459"]
[BlackElo "2281"]
[Annotator "ChessBase"]
[PlyCount "91"]
[EventDate "2019.06.14"]
[EventType "swiss"]
[EventCountry "ITA"]
[SourceTitle "playchess.com"]
[Source "ChessBase"]
[SourceQuality "1"]
[TimeControl "5400+30"]

1. Nf3 {[%emt 0:00:00]} d5 {[%emt 0:00:46]} 2. g3 {[%emt 0:00:00]} Nf6 {[%emt 0:00:17]} 3. Bg2 {[%emt 0:00:09]} c5 {[%emt 0:02:07]} 4. O-O {[%emt 0:00:18]} Nc6 {[%emt 0:00:12]} 5. d4 {[%emt 0:00:15]} e6 {[%emt 0:03:38]} 6. c4 {[%emt 0:00:19]} dxc4 {[%emt 0:00:54]} 7. dxc5 {[%emt 0:00:17]} Qxd1 {[%emt 0:00:50]} 8. Rxd1 {[%emt 0:00:05]} Bxc5 {[%emt 0:00:17]} 9. Nbd2 {[%emt 0:00:12]} c3 {[%emt 0:00:44]} 10. bxc3 {[%emt 0:00:10]} O-O {[%emt 0:02:38]} 11. Nb3 {[%emt 0:00:07]} Be7 {[%emt 0:01:59]} 12. c4 {[%emt 0:00:21]} Bd7 {[%emt 0:01:26]} 13. Bb2 {[%emt 0:02:29]} Rfd8 {[%emt 0:00:32]} 14. Nfd4 {[%emt 0:00:43]} Rac8 {[%emt 0:04:18]} 15. Nb5 {[%emt 0:00:30]} Be8 {[%emt 0:01:10]} 16. c5 {[%emt 0:06:50]} Nb4 {[%emt 0:24:29]} 17. Nd6 {[%emt 0:04:27]} Bxd6 {[%emt 0:00:26]} 18. cxd6 {[%emt 0:00:15]} Bc6 {[%emt 0:02:32]} 19. e4 {[%emt 0:11:44]} Nxe4 {[%emt 0:01:29]} 20. Bxe4 {[%emt 0:02:52]} Bxe4 {[%emt 0:00:05]} 21. Rd4 {[%emt 0:00:11]} Nc2 {[%emt 0:00:32]} 22. Rxe4 {[%emt 0:04:14]} Nxa1 {[%emt 0:00:04]} 23. Bxa1 {[%emt 0:00:10]} Rxd6 {[%emt 0:00:04]} 24. Rg4 {[%emt 0:01:30]} g6 {[%emt 0:01:36]} 25. Bf6 {[%emt 0:06:35]} Rd5 {[%emt 0:04:08]} 26. Rb4 {[%emt 0:09:51]} b6 {[%emt 0:00:49]} 27. h4 {[%emt 0:05:54]} e5 {[%emt 0:02:03]} 28. g4 {[%emt 0:02:40]} Kf8 {[%emt 0:12:13]} 29. Re4 {[%emt 0:04:52]} b5 {[%emt 0:02:12]} 30. Re2 {[%emt 0:03:06]} h5 {[%emt 0:07:11]} 31. g5 {[%emt 0:00:32]} Rc4 {[%emt 0:00:14]} 32. f3 {[%emt 0:01:07]} Rxh4 {[%emt 0:00:41]} 33. Bxe5 {[%emt 0:00:23]} Rc4 {[%emt 0:00:33]} 34. Bf6 {[%emt 0:01:47]} b4 {[%emt 0:00:59]} 35. Kg2 {[%emt 0:03:05]} Rd7 {[%emt 0:05:48]} 36. Re5 {[%emt 0:05:55]} a6 {[%emt 0:01:15]} 37. Nc5 {[%emt 0:05:50]} Rc2+ {[%emt 0:02:39]} 38. Kg3 {[%emt 0:00:10]} Rd1 {[%emt 0:00:16]} 39. Ne4 {[%emt 0:01:33]} Rg1+ {[%emt 0:02:17]} 40. Kf4 {[%emt 0:00:18]} Rgc1 {[%emt 0:05:37]} 41. Nd6 {[%emt 0:01:17]} Rc4+ {[%emt 0:00:37]} 42. Nxc4 {[%emt 0:00:14]} Rxc4+ {[%emt 0:00:05]} 43. Kg3 {[%emt 0:00:15]} h4+ {[%emt 0:00:46]} 44. Kh3 {[%emt 0:00:20]} Rf4 {[%emt 0:00:06]} 45. Re3 {[%emt 0:01:03]} a5 {[%emt 0:00:05]} 46. Rd3 {[%emt 0:00:09]} 1-0

[Event "1st Regina Cattolica Open 2019"]
[Site "Cattolica"]
[Date "2019.06.15"]
[Round "3.4"]
[White "Gohshtein, Pavel"]
[Black "Gilevych, Artem"]
[Result "0-1"]
[WhiteElo "2055"]
[BlackElo "2448"]
[Annotator "NA"]
[PlyCount "90"]
[EventDate "2019.06.14"]
[EventType "swiss"]
[EventCountry "ITA"]
[SourceTitle "playchess.com"]
[Source "ChessBase"]
[SourceQuality "1"]
[TimeControl "5400+30"]

1. e4 {[%emt 0:00:00]} e6 {[%emt 0:00:00]} 2. d4 {[%emt 0:00:00]} d5 {[%emt 0:00:00]} 3. exd5 {[%emt 0:00:24]} exd5 {[%emt 0:00:00]} 4. Nf3 {[%emt 0:00:09]} Bd6 {[%emt 0:00:47]} 5. Bd3 {[%emt 0:00:13]} Ne7 {[%emt 0:00:30]} 6. O-O {[%emt 0:02:40]} Nbc6 {[%emt 0:01:56]} 7. c3 {[%emt 0:02:28]} Bg4 {[%emt 0:00:06]} 8. Bg5 {[%emt 0:00:40]} Qd7 {[%emt 0:03:02]} 9. Nbd2 {[%emt 0:02:05]} f6 {[%emt 0:00:21]} 10. Bh4 {[%emt 0:00:06]} O-O-O {[%emt 0:00:38]} 11. Bg3 {[%emt 0:02:41]} Ng6 {[%emt 0:03:38]} 12. Qa4 {[%emt 0:04:06]} Kb8 {[%emt 0:07:08]} 13. Bb5 {[%emt 0:04:46]} Nf4 {[%emt 0:11:17]} 14. Bxf4 {[%emt 0:09:50]} Bxf4 {[%emt 0:00:11]} 15. Bxc6 {[%emt 0:02:50]} Qxc6 {[%emt 0:04:26]} 16. Qxc6 {[%emt 0:00:12]} bxc6 {[%emt 0:00:07]} 17. h3 {[%emt 0:01:41]} Bh5 {[%emt 0:01:41]} 18. Nb3 {[%emt 0:02:48]} Kc8 {[%emt 0:04:22]} 19. Rfe1 {[%emt 0:02:16]} Bd6 {[%emt 0:01:48]} 20. Re6 {[%emt 0:05:38]} Rde8 {[%emt 0:03:24]} 21. Rae1 {[%emt 0:00:51]} Rxe6 {[%emt 0:00:06]} 22. Rxe6 {[%emt 0:00:05]} Kd7 {[%emt 0:00:03]} 23. Re3 {[%emt 0:01:07]} Rb8 {[%emt 0:00:45]} 24. g4 {[%emt 0:01:42]} Bg6 {[%emt 0:01:37]} 25. Re2 {[%emt 0:10:18]} Bd3 {[%emt 0:13:38]} 26. Rd2 {[%emt 0:02:23]} Bb1 {[%emt 0:00:52]} 27. Nc5+ {[%emt 0:03:01]} Bxc5 {[%emt 0:00:29]} 28. dxc5 {[%emt 0:00:02]} Bxa2 {[%emt 0:00:09]} 29. Nd4 {[%emt 0:02:25]} a5 {[%emt 0:00:50]} 30. b4 {[%emt 0:06:48]} Bc4 {[%emt 0:02:09]} 31. bxa5 {[%emt 0:00:11]} Ra8 {[%emt 0:01:40]} 32. Rb2 {[%emt 0:00:25]} Rxa5 {[%emt 0:04:38]} 33. Rb8 {[%emt 0:00:17]} Rxc5 {[%emt 0:01:05]} 34. Rg8 {[%emt 0:01:04]} Bd3 {[%emt 0:00:25]} 35. Rxg7+ {[%emt 0:00:23]} Kc8 {[%emt 0:00:09]} 36. Rf7 {[%emt 0:01:37]} Rxc3 {[%emt 0:01:32]} 37. Ne6 {[%emt 0:02:31]} Kb7 {[%emt 0:07:39]} 38. Rxc7+ {[%emt 0:03:58]} Kb6 {[%emt 0:00:14]} 39. Rf7 {[%emt 0:00:37]} Be4 {[%emt 0:09:46]} 40. Rxf6 {[%emt 0:04:47]} Rxh3 {[%emt 0:00:21]} 41. Kf1 {[%emt 0:00:16]} Bf3 {[%emt 0:03:39]} 42. Ke1 {[%emt 0:00:56]} Bxg4 {[%emt 0:00:42]} 43. Nd4 {[%emt 0:01:13]} Rd3 {[%emt 0:01:10]} 44. Ne2 {[%emt 0:01:38]} h5 {[%emt 0:00:46]} 45. Rf4 {[%emt 0:00:42]} c5 {[%emt 0:00:26]} 0-1

[Event "1st Regina Cattolica Open 2019"]
[Site "Cattolica"]
[Date "2019.06.15"]
[Round "3.6"]
[White "Palozza, Christian"]
[Black "Volpinari, Danilo"]
[Result "1/2-1/2"]
[WhiteElo "2225"]
[BlackElo "1966"]
[Annotator "NA"]
[PlyCount "101"]
[EventDate "2019.06.14"]
[EventType "swiss"]
[EventCountry "ITA"]
[SourceTitle "playchess.com"]
[Source "ChessBase"]
[SourceQuality "1"]
[TimeControl "5400+30"]

1. d4 {[%emt 0:00:21]} c5 {[%emt 0:00:17]} 2. d5 {[%emt 0:00:05]} e5 {[%emt 0:00:08]} 3. g3 {[%emt 0:01:29]} d6 {[%emt 0:00:37]} 4. Bg2 {[%emt 0:00:44]} Be7 {[%emt 0:02:16]} 5. Nc3 {[%emt 0:04:18]} Nf6 {[%emt 0:00:47]} 6. Nf3 {[%emt 0:01:42]} O-O {[%emt 0:01:16]} 7. O-O {[%emt 0:00:33]} a6 {[%emt 0:00:14]} 8. a4 {[%emt 0:00:05]} b6 {[%emt 0:00:38]} 9. Nd2 {[%emt 0:03:25]} Nbd7 {[%emt 0:02:36]} 10. Nc4 {[%emt 0:01:30]} Rb8 {[%emt 0:01:37]} 11. h3 {[%emt 0:02:54]} Ne8 {[%emt 0:03:01]} 12. e4 {[%emt 0:05:55]} g6 {[%emt 0:02:37]} 13. Bh6 {[%emt 0:03:06]} Ng7 {[%emt 0:00:11]} 14. f4 {[%emt 0:00:07]} f6 {[%emt 0:07:06]} 15. h4 {[%emt 0:07:17]} Rf7 {[%emt 0:01:43]} 16. Bh3 {[%emt 0:10:29]} Nf8 {[%emt 0:10:14]} 17. Bxc8 {[%emt 0:01:39]} Qxc8 {[%emt 0:00:09]} 18. Bxg7 {[%emt 0:00:14]} Rxg7 {[%emt 0:02:16]} 19. fxe5 {[%emt 0:02:56]} fxe5 {[%emt 0:01:19]} 20. Kg2 {[%emt 0:00:57]} h5 {[%emt 0:06:03]} 21. Ne3 {[%emt 0:08:13]} Nh7 {[%emt 0:03:28]} 22. Qe2 {[%emt 0:01:27]} Nf6 {[%emt 0:02:39]} 23. b3 {[%emt 0:02:01]} Qb7 {[%emt 0:02:30]} 24. Qd3 {[%emt 0:03:34]} Rf8 {[%emt 0:01:39]} 25. Ne2 {[%emt 0:01:06]} Rgf7 {[%emt 0:01:23]} 26. Ng1 {[%emt 0:01:34]} Qc8 {[%emt 0:04:20]} 27. Nf3 {[%emt 0:03:40]} Ng4 {[%emt 0:08:21]} 28. Nxg4 {[%emt 0:03:30]} Qxg4 {[%emt 0:00:28]} 29. Nh2 {[%emt 0:00:16]} Qc8 {[%emt 0:00:20]} 30. c4 {[%emt 0:10:24]} a5 {[%emt 0:03:19]} 31. Rxf7 {[%emt 0:03:51]} Rxf7 {[%emt 0:00:05]} 32. Rf1 {[%emt 0:00:04]} Qf8 {[%emt 0:01:11]} 33. Rxf7 {[%emt 0:02:39]} Qxf7 {[%emt 0:01:32]} 34. Nf3 {[%emt 0:00:13]} Kg7 {[%emt 0:02:03]} 35. Qe3 {[%emt 0:00:12]} Bf6 {[%emt 0:01:11]} 36. Nh2 {[%emt 0:01:21]} Qe7 {[%emt 0:02:58]} 37. Qf3 {[%emt 0:01:03]} Qf7 {[%emt 0:02:03]} 38. Kh3 {[%emt 0:02:33]} Qe7 {[%emt 0:08:31]} 39. Nf1 {[%emt 0:01:24]} Qd8 {[%emt 0:00:58]} 40. Ne3 {[%emt 0:00:22]} Qe7 {[%emt 0:01:07]} 41. g4 {[%emt 0:01:38]} Bxh4 {[%emt 0:05:18]} 42. gxh5 {[%emt 0:00:11]} Bg5 {[%emt 0:01:28]} 43. hxg6 {[%emt 0:03:43]} Bxe3 {[%emt 0:00:47]} 44. Qxe3 {[%emt 0:00:05]} Kxg6 {[%emt 0:00:37]} 45. Qg3+ {[%emt 0:00:15]} Qg5 {[%emt 0:04:09]} 46. Qg4 {[%emt 0:00:07]} Qxg4+ {[%emt 0:00:12]} 47. Kxg4 {[%emt 0:00:03]} Kf6 {[%emt 0:00:24]} 48. Kh5 {[%emt 0:00:13]} Kf7 {[%emt 0:00:09]} 49. Kh6 {[%emt 0:02:17]} Kf6 {[%emt 0:00:10]} 50. Kh7 {[%emt 0:00:18]} Kf7 {[%emt 0:00:12]} 51. Kh6 {[%emt 0:00:58]} 1/2-1/2

[Event "1st Regina Cattolica Open 2019"]
[Site "Cattolica"]
[Date "2019.06.15"]
[Round "3.7"]
[White "Malfagia, Andrea"]
[Black "Albini, Federico"]
[Result "1-0"]
[WhiteElo "2191"]
[BlackElo "1928"]
[Annotator "NA"]
[PlyCount "63"]
[EventDate "2019.06.14"]
[EventType "swiss"]
[EventCountry "ITA"]
[SourceTitle "playchess.com"]
[Source "ChessBase"]
[SourceQuality "1"]
[TimeControl "5400+30"]

1. d4 {[%emt 0:00:00]} Nf6 {[%emt 0:00:56]} 2. c4 {[%emt 0:00:00]} c5 {[%emt 0:00:11]} 3. d5 {[%emt 0:00:00]} e6 {[%emt 0:00:04]} 4. Nc3 {[%emt 0:00:00]} exd5 {[%emt 0:00:09]} 5. cxd5 {[%emt 0:00:05]} d6 {[%emt 0:00:04]} 6. e4 {[%emt 0:01:09]} g6 {[%emt 0:00:17]} 7. f3 {[%emt 0:01:28]} Bg7 {[%emt 0:00:45]} 8. Bg5 {[%emt 0:00:06]} O-O {[%emt 0:00:15]} 9. Qd2 {[%emt 0:00:28]} Re8 {[%emt 0:00:26]} 10. Nge2 {[%emt 0:00:11]} Nbd7 {[%emt 0:00:43]} 11. Ng3 {[%emt 0:00:59]} a6 {[%emt 0:00:15]} 12. a4 {[%emt 0:00:08]} Qa5 {[%emt 0:00:26]} 13. Be2 {[%emt 0:00:17]} b5 {[%emt 0:01:07]} 14. O-O {[%emt 0:00:14]} b4 {[%emt 0:01:47]} 15. Nd1 {[%emt 0:00:09]} h5 {[%emt 0:07:10]} 16. Ne3 {[%emt 0:11:25]} Ne5 {[%emt 0:03:58]} 17. Bxf6 {[%emt 0:01:36]} Bxf6 {[%emt 0:00:18]} 18. f4 {[%emt 0:00:08]} Ng4 {[%emt 0:02:46]} 19. Bxg4 {[%emt 1:21:07]} hxg4 {[%emt 0:03:21]} 20. e5 {[%emt 0:00:00]} dxe5 {[%emt 0:11:15]} 21. Ne4 {[%emt 0:00:00]} Bg7 {[%emt 0:04:26]} 22. f5 {[%emt 0:00:00]} gxf5 {[%emt 0:03:14]} 23. Nxf5 {[%emt 0:00:00]} Bxf5 {[%emt 0:03:37]} 24. Rxf5 {[%emt 0:00:00]} Qb6 {[%emt 0:04:55]} 25. Raf1 {[%emt 0:00:00]} c4+ {[%emt 0:03:34]} 26. Kh1 {[%emt 0:00:00]} c3 {[%emt 0:06:36]} 27. bxc3 {[%emt 0:00:00]} bxc3 {[%emt 0:00:06]} 28. Qxc3 {[%emt 0:00:00]} Qd4 {[%emt 0:00:38]} 29. Qc7 {[%emt 0:00:00]} Rf8 {[%emt 0:05:49]} 30. Nf6+ {[%emt 0:00:00]} Bxf6 {[%emt 0:01:21]} 31. Rxf6 {[%emt 0:00:00]} Qxd5 {[%emt 0:00:40]} 32. Qc1 {[%emt 0:00:00]} 1-0

[Event "1st Regina Cattolica Open 2019"]
[Site "Cattolica"]
[Date "2019.06.15"]
[Round "3.8"]
[White "Aimi, Luca"]
[Black "Cappai, Davide"]
[Result "0-1"]
[WhiteElo "1942"]
[BlackElo "2185"]
[Annotator "NA"]
[PlyCount "76"]
[EventDate "2019.06.14"]
[EventType "swiss"]
[EventCountry "ITA"]
[SourceTitle "playchess.com"]
[Source "ChessBase"]
[SourceQuality "1"]
[TimeControl "5400+30"]

1. Nf3 {[%emt 0:02:39]} c5 {[%emt 0:00:00]} 2. c4 {[%emt 0:00:07]} g6 {[%emt 0:00:00]} 3. Nc3 {[%emt 0:00:20]} Bg7 {[%emt 0:00:00]} 4. g3 {[%emt 0:00:19]} Nc6 {[%emt 0:00:25]} 5. Bg2 {[%emt 0:00:15]} Nh6 {[%emt 0:00:15]} 6. O-O {[%emt 0:00:49]} O-O {[%emt 0:00:36]} 7. d3 {[%emt 0:04:18]} d6 {[%emt 0:00:22]} 8. Bd2 {[%emt 0:00:45]} Rb8 {[%emt 0:01:03]} 9. Rb1 {[%emt 0:01:39]} a6 {[%emt 0:00:40]} 10. Nh4 {[%emt 0:05:55]} Bd7 {[%emt 0:01:08]} 11. Qc1 {[%emt 0:02:46]} Ng4 {[%emt 0:01:04]} 12. h3 {[%emt 0:04:51]} Nf6 {[%emt 0:00:15]} 13. Bh6 {[%emt 0:00:45]} b5 {[%emt 0:00:29]} 14. Bxg7 {[%emt 0:05:31]} Kxg7 {[%emt 0:00:06]} 15. b3 {[%emt 0:00:48]} Nh5 {[%emt 0:09:27]} 16. Ne4 {[%emt 0:08:28]} f5 {[%emt 0:12:23]} 17. Ng5 {[%emt 0:14:58]} Nd4 {[%emt 0:02:07]} 18. Rb2 {[%emt 0:07:43]} e5 {[%emt 0:02:43]} 19. Ngf3 {[%emt 0:05:52]} Ne6 {[%emt 0:15:31]} 20. Nd2 {[%emt 0:02:41]} Nhf4 {[%emt 0:05:15]} 21. Nb1 {[%emt 0:05:35]} Nxg2 {[%emt 0:01:55]} 22. Nxg2 {[%emt 0:01:25]} f4 {[%emt 0:01:12]} 23. Nc3 {[%emt 0:00:50]} Nd4 {[%emt 0:01:31]} 24. g4 {[%emt 0:07:40]} h5 {[%emt 0:00:39]} 25. f3 {[%emt 0:00:18]} hxg4 {[%emt 0:02:54]} 26. hxg4 {[%emt 0:00:34]} Rh8 {[%emt 0:00:23]} 27. e3 {[%emt 0:01:33]} fxe3 {[%emt 0:00:16]} 28. Qxe3 {[%emt 0:00:29]} Rh3 {[%emt 0:00:47]} 29. Ne4 {[%emt 0:02:06]} Qe7 {[%emt 0:15:22]} 30. Ng5 {[%emt 0:01:05]} Rh6 {[%emt 0:02:23]} 31. f4 {[%emt 0:04:06]} Rbh8 {[%emt 0:00:39]} 32. fxe5 {[%emt 0:00:41]} Rh1+ {[%emt 0:00:06]} 33. Kf2 {[%emt 0:00:38]} Rf8+ {[%emt 0:00:32]} 34. Nf4 {[%emt 0:00:32]} Rxf1+ {[%emt 0:00:15]} 35. Kxf1 {[%emt 0:00:23]} Qxg5 {[%emt 0:03:24]} 36. Rf2 {[%emt 0:00:24]} Qxe5 {[%emt 0:00:39]} 37. Qd2 {[%emt 0:03:29]} Bxg4 {[%emt 0:00:43]} 38. Nd5 {[%emt 0:01:27]} Be2+ {[%emt 0:00:14]} 0-1

[Event "1st Regina Cattolica Open 2019"]
[Site "Cattolica"]
[Date "2019.06.15"]
[Round "3.9"]
[White "Bettalli, Francesco"]
[Black "Puglia, Francesco"]
[Result "0-1"]
[WhiteElo "2169"]
[BlackElo "1891"]
[Annotator "NA"]
[PlyCount "78"]
[EventDate "2019.06.14"]
[EventType "swiss"]
[EventCountry "ITA"]
[SourceTitle "playchess.com"]
[Source "ChessBase"]
[SourceQuality "1"]
[TimeControl "5400+30"]

1. d4 {[%emt 1:30:30]} g6 {[%emt 0:00:52]} 2. c4 {[%emt 0:00:00]} Bg7 {[%emt 0:00:03]} 3. Nf3 {[%emt 0:00:00]} d6 {[%emt 0:03:12]} 4. e4 {[%emt 0:00:00]} Nc6 {[%emt 0:01:12]} 5. Nc3 {[%emt 0:00:00]} e5 {[%emt 0:00:39]} 6. d5 {[%emt 0:00:00]} Nce7 {[%emt 0:01:10]} 7. h3 {[%emt 0:00:00]} f5 {[%emt 0:00:34]} 8. exf5 {[%emt 0:00:00]} gxf5 {[%emt 0:01:09]} 9. g4 {[%emt 0:00:00]} Nf6 {[%emt 0:01:19]} 10. Ng5 {[%emt 0:00:00]} h6 {[%emt 0:21:39]} 11. Ne6 {[%emt 0:00:00]} Bxe6 {[%emt 0:00:03]} 12. dxe6 {[%emt 0:00:00]} c6 {[%emt 0:04:34]} 13. gxf5 {[%emt 0:00:00]} Qc7 {[%emt 0:07:47]} 14. Qf3 {[%emt 0:00:00]} O-O-O {[%emt 0:03:27]} 15. Bd2 {[%emt 0:00:00]} Rhf8 {[%emt 0:03:48]} 16. Rg1 {[%emt 0:00:00]} e4 {[%emt 0:00:13]} 17. Nxe4 {[%emt 0:00:00]} Nxe4 {[%emt 0:00:04]} 18. Rxg7 {[%emt 0:00:00]} Nxd2 {[%emt 0:10:59]} 19. Kxd2 {[%emt 0:00:00]} Qa5+ {[%emt 0:04:24]} 20. Qc3 {[%emt 0:00:00]} Qxf5 {[%emt 0:04:24]} 21. Be2 {[%emt 0:00:00]} d5 {[%emt 0:01:49]} 22. c5 {[%emt 0:00:00]} d4 {[%emt 0:01:26]} 23. Qg3 {[%emt 0:00:00]} Qxc5 {[%emt 0:15:29]} 24. Rc1 {[%emt 0:00:00]} Qa5+ {[%emt 0:03:13]} 25. Kd1 {[%emt 0:00:00]} d3 {[%emt 0:01:21]} 26. Bg4 {[%emt 0:00:00]} d2 {[%emt 0:01:47]} 27. Ra1 {[%emt 0:00:00]} Qa4+ {[%emt 0:02:36]} 28. Qb3 {[%emt 0:00:00]} Qxb3+ {[%emt 0:01:05]} 29. axb3 {[%emt 0:00:00]} Rxf2 {[%emt 0:00:14]} 30. Be2 {[%emt 0:00:00]} Rh2 {[%emt 0:03:07]} 31. Rxe7 {[%emt 0:00:00]} Rh1+ {[%emt 0:00:04]} 32. Kc2 {[%emt 0:00:00]} Rxa1 {[%emt 0:00:08]} 33. Rd7 {[%emt 0:00:00]} Rxd7 {[%emt 0:00:23]} 34. exd7+ {[%emt 0:00:00]} Kxd7 {[%emt 0:00:01]} 35. Kxd2 {[%emt 0:00:00]} Kd6 {[%emt 0:00:55]} 36. Kc3 {[%emt 0:00:00]} Rg1 {[%emt 0:00:17]} 37. h4 {[%emt 0:00:00]} Rg3+ {[%emt 0:00:20]} 38. Kc4 {[%emt 0:00:00]} b5+ {[%emt 0:00:17]} 39. Kb4 {[%emt 0:00:00]} a5+ {[%emt 0:00:12]} 0-1

[Event "1st Regina Cattolica Open 2019"]
[Site "Cattolica"]
[Date "2019.06.15"]
[Round "3.10"]
[White "Varvaglione, Antonio"]
[Black "Deshpande Abhishek"]
[Result "0-1"]
[WhiteElo "2154"]
[BlackElo "1827"]
[Annotator "NA"]
[PlyCount "93"]
[EventDate "2019.06.14"]
[EventType "swiss"]
[EventCountry "ITA"]
[SourceTitle "playchess.com"]
[Source "ChessBase"]
[SourceQuality "1"]
[TimeControl "5400+30"]

1. Nf3 {[%emt 0:00:00]} d5 {[%emt 0:04:38]} 2. g3 {[%emt 0:00:11]} Nf6 {[%emt 0:00:09]} 3. Bg2 {[%emt 0:00:31]} c6 {[%emt 0:00:09]} 4. d3 {[%emt 0:00:47]} Bf5 {[%emt 0:00:20]} 5. Nbd2 {[%emt 0:05:09]} e6 {[%emt 0:00:25]} 6. O-O {[%emt 0:00:38]} Be7 {[%emt 0:00:52]} 7. Qe1 {[%emt 0:01:04]} O-O {[%emt 0:00:24]} 8. e4 {[%emt 0:00:36]} dxe4 {[%emt 0:00:34]} 9. dxe4 {[%emt 0:00:27]} Bg6 {[%emt 0:00:11]} 10. Qe2 {[%emt 0:01:12]} Nbd7 {[%emt 0:01:49]} 11. e5 {[%emt 0:16:49]} Nd5 {[%emt 0:00:46]} 12. Ne4 {[%emt 0:00:49]} Qc7 {[%emt 0:01:44]} 13. c4 {[%emt 0:00:44]} N5b6 {[%emt 0:00:49]} 14. Bf4 {[%emt 0:00:49]} Bxe4 {[%emt 0:01:27]} 15. Qxe4 {[%emt 0:00:34]} Rad8 {[%emt 0:00:38]} 16. Rad1 {[%emt 0:09:45]} Nc5 {[%emt 0:00:57]} 17. Qc2 {[%emt 0:01:25]} Rxd1 {[%emt 0:00:19]} 18. Rxd1 {[%emt 0:00:16]} Rd8 {[%emt 0:00:19]} 19. Rd6 {[%emt 0:19:40]} Nc8 {[%emt 0:06:50]} 20. Rd2 {[%emt 0:13:10]} Rxd2 {[%emt 0:03:57]} 21. Bxd2 {[%emt 0:00:50]} Qd8 {[%emt 0:00:53]} 22. Bf1 {[%emt 0:01:03]} Nd7 {[%emt 0:01:51]} 23. Bd3 {[%emt 0:02:43]} Nf8 {[%emt 0:01:00]} 24. h4 {[%emt 0:01:21]} h6 {[%emt 0:00:45]} 25. Be4 {[%emt 0:01:13]} Qd7 {[%emt 0:00:49]} 26. h5 {[%emt 0:01:43]} Bd8 {[%emt 0:06:08]} 27. Qc1 {[%emt 0:00:54]} f5 {[%emt 0:04:13]} 28. exf6 {[%emt 0:00:28]} Bxf6 {[%emt 0:00:09]} 29. Bf4 {[%emt 0:02:04]} Ne7 {[%emt 0:01:07]} 30. b3 {[%emt 0:01:43]} Nf5 {[%emt 0:02:12]} 31. Qa3 {[%emt 0:03:51]} a6 {[%emt 0:01:11]} 32. Qb4 {[%emt 0:01:40]} Nd4 {[%emt 0:02:49]} 33. Nxd4 {[%emt 0:00:59]} Bxd4 {[%emt 0:01:17]} 34. Qd6 {[%emt 0:04:14]} Qxd6 {[%emt 0:01:44]} 35. Bxd6 {[%emt 0:00:05]} Kf7 {[%emt 0:00:24]} 36. Kf1 {[%emt 0:00:31]} Nd7 {[%emt 0:00:24]} 37. Ke2 {[%emt 0:00:51]} Kf6 {[%emt 0:00:14]} 38. f4 {[%emt 0:01:22]} e5 {[%emt 0:00:37]} 39. b4 {[%emt 0:01:50]} Ke6 {[%emt 0:04:27]} 40. c5 {[%emt 0:00:14]} Nf6 {[%emt 0:04:37]} 41. Bg6 {[%emt 0:03:16]} exf4 {[%emt 0:07:47]} 42. gxf4 {[%emt 0:00:07]} Nd5 {[%emt 0:00:33]} 43. a3 {[%emt 0:01:20]} Bb2 {[%emt 0:02:44]} 44. Kd3 {[%emt 0:00:52]} Bxa3 {[%emt 0:00:43]} 45. Kc4 {[%emt 0:01:05]} Bxb4 {[%emt 0:01:50]} 46. Be5 {[%emt 0:00:23]} Bd2 {[%emt 0:00:21]} 47. Kd4 {Kxe5+} 0-1

[Event "1st Regina Cattolica Open 2019"]
[Site "Cattolica"]
[Date "2019.06.16"]
[Round "4.1"]
[White "Gilevych, Artem"]
[Black "Vovk, Yuri"]
[Result "1/2-1/2"]
[WhiteElo "2448"]
[BlackElo "2586"]
[Annotator "TA"]
[PlyCount "48"]
[EventDate "2019.06.14"]
[EventType "swiss"]
[EventCountry "ITA"]
[SourceTitle "playchess.com"]
[Source "ChessBase"]
[SourceQuality "1"]

{[%evp 16,48,35,41,40,40,46,27,29,23,35,18,20,-29,0,-27,-28,-31,-12,-31,7,0,11,5,4,0,0,0,3,8,20,0,0,0,1]} 1. Nf3 Nf6 2. c4 e6 3. Nc3 d5 4. d4 Nbd7 5. cxd5 exd5 6. Bg5 Bb4 7. Qc2 h6 8. Bh4 c5 9. e3 c4 {D38: Queen's Gambit Declined: Ragozin Defence (4 Nf3 Bb4)} (9... Qa5 10. Bd3 c4 11. Bf5 g6 12. Bxd7+ Nxd7 13. O-O O-O 14. Rae1 Nb6 15. Ne5 Bxc3 16. bxc3 Qa4 17. Qb1 {½-½ (42) Leko,P (2731)-Aronian,L (2797) Moscow 2014}) 10. Be2 O-O 11. Nd2 Nb6 {White has an edge.} 12. O-O $146 ({Predecessor:} 12. f3 Re8 13. Bf2 Bd7 14. g4 Re6 15. a3 Bxc3 16. bxc3 {0-1 (39) Schleining,Z (2368)-Khurtsidze,N (2443) Belgrade 2013}) 12... Be6 13. Rfd1 Rc8 14. e4 Bxc3 (14... g5 {with more complications.} 15. Bg3 Bxc3 16. bxc3 Nxe4 17. Nxe4 Bf5) 15. bxc3 (15. Bxf6 $5 Qxf6 16. Qxc3 $11) 15... g5 16. Bg3 Nxe4 17. Nxe4 {[#] Hoping for Nc5.} dxe4 18. Qxe4 {The position is equal.} Nd5 19. Qc2 Qd7 20. Bf3 Bf5 21. Qb2 Rfe8 22. Re1 b6 23. Qd2 f6 24. h4 Kg7 {Accuracy: White = 60%, Black = 73%.} 1/2-1/2